Prime Numbers 1-1000 - Statistics

General Stats
  • This quiz has been taken 1,379 times
  • The average score is 53 of 168
Answer Stats
Order Answer % Correct
1 2
99%
2 3
98%
3 5
96%
4 7
96%
5 11
94%
6 13
94%
7 17
93%
8 19
92%
9 23
92%
10 29
91%
11 31
90%
12 37
90%
13 41
89%
15 47
89%
14 43
88%
16 53
87%
17 59
86%
18 61
86%
19 67
86%
20 71
86%
21 73
85%
22 79
85%
23 83
85%
25 97
83%
26 101
82%
27 103
82%
24 89
82%
28 107
81%
29 109
78%
30 113
78%
31 127
75%
32 131
74%
33 137
72%
35 149
68%
36 151
68%
34 139
67%
37 157
66%
39 167
64%
38 163
63%
40 173
62%
41 179
60%
42 181
60%
43 191
58%
44 193
57%
45 197
57%
47 211
56%
46 199
55%
48 223
52%
49 227
50%
50 229
49%
51 233
49%
52 239
48%
53 241
47%
54 251
46%
55 257
43%
56 263
40%
57 269
39%
58 271
39%
59 277
38%
60 281
37%
61 283
35%
62 293
34%
63 307
32%
64 311
32%
65 313
30%
67 331
29%
66 317
28%
68 337
27%
69 347
24%
70 349
23%
71 353
22%
72 359
21%
73 367
20%
74 373
19%
75 379
18%
79 401
18%
76 383
17%
77 389
17%
78 397
17%
80 409
16%
168 997
15%
81 419
14%
82 421
14%
83 431
14%
84 433
12%
85 439
12%
86 443
12%
88 457
12%
87 449
11%
89 461
11%
91 467
11%
90 463
10%
92 479
9%
94 491
9%
167 991
9%
93 487
8%
95 499
8%
96 503
8%
98 521
8%
100 541
8%
102 557
8%
156 911
8%
97 509
7%
99 523
7%
101 547
7%
103 563
7%
104 569
7%
105 571
7%
110 601
7%
106 577
6%
115 631
6%
166 983
6%
107 587
5%
108 593
5%
109 599
5%
111 607
5%
112 613
5%
116 641
5%
117 643
5%
118 647
5%
119 653
5%
121 661
5%
125 691
5%
126 701
5%
141 811
5%
157 919
5%
113 617
4%
114 619
4%
120 659
4%
122 673
4%
123 677
4%
124 683
4%
127 709
4%
128 719
4%
129 727
4%
130 733
4%
133 751
4%
134 757
4%
135 761
4%
137 773
4%
138 787
4%
139 797
4%
142 821
4%
151 877
4%
152 881
4%
155 907
4%
160 941
4%
163 967
4%
164 971
4%
165 977
4%
131 739
3%
132 743
3%
136 769
3%
140 809
3%
143 823
3%
144 827
3%
145 829
3%
146 839
3%
147 853
3%
148 857
3%
149 859
3%
150 863
3%
153 883
3%
154 887
3%
158 929
3%
159 937
3%
161 947
3%
162 953
3%
No matching quizzes found
Score Distribution
Percent of People with Each Score
Percentile by Number Answered
Your Score History
You have not taken this quiz